3D - Jung Kook (정국) Feat. Jack Harlow - All Lyrics - Statistics

General Stats
  • This quiz has been taken 50 times
  • The average score is 454 of 609
Answer Stats
Answer % Correct
I
100%
you
97%
You
97%
(You
97%
One,
95%
one
95%
(One
95%
the
95%
The
95%
Three
95%
to
95%
a
92%
two,
92%
two
92%
Two
92%
(Two
92%
(Hey;
90%
(Hey,
90%
hey,
90%
hey)
90%
touch
90%
uh-uh
90%
(Uh-uh)
90%
woo)
90%
3D
87%
In
87%
in
87%
it
87%
it,
87%
it)
87%
it?
87%
it;
87%
Kids)
87%
oh,
87%
(Oh,
87%
on
87%
(Ooh)
87%
Right)
87%
Spy
87%
(Woo)
87%
(Woo,
87%
woo)
87%
can't
85%
hey)
85%
like
85%
no
85%
phone
85%
And
82%
(And
82%
and
82%
know
82%
know?
82%
when
82%
When
82%
girl
79%
(Girl)
79%
girl),
79%
me
79%
me)
79%
me,
79%
see
79%
See
79%
seen
79%
that
79%
that,
79%
through
79%
universe
79%
get
77%
I'm
77%
It’s
77%
it's
77%
just
77%
my
77%
So
77%
(So
77%
so
77%
bae,
74%
go
74%
if
74%
let
74%
motion
74%
ready
74%
ready)
74%
you're
74%
zone
74%
another
72%
'Cause
72%
‘Cause
72%
(Champagnе
72%
Champagne
72%
(Champagne
72%
confetti
72%
confetti)
72%
confetti,
72%
dimensions
72%
got
72%
only
72%
time
72%
wanna
72%
baby,
69%
Baby,
69%
do
69%
for
69%
missin'
69%
there's
69%
There’s
69%
we
69%
don't
67%
feel
67%
regret
67%
too
67%
Body
64%
body
64%
body,
64%
Four
64%
girls
64%
girls),
64%
girls,
64%
how
64%
(How
64%
won't
64%
(Won't
64%
you'll
64%
have
62%
more
62%
take
62%
Now
59%
now
59%
of
59%
alone
56%
boring
56%
But
56%
city
56%
Jung
56%
look
56%
look”
56%
okay,
56%
horny
54%
Kook,
54%
loose
54%
reverse
54%
started
54%
was
54%
brand-new
51%
cool
51%
damn,
51%
drinkin'
51%
good
51%
new
51%
Or
51%
potion
51%
use
51%
way
51%
would
51%
back
49%
crazy
49%
dead
49%
emotion
49%
gettin'
49%
had
49%
kiss
49%
makin'
49%
put
49%
All
46%
hot-hearted
46%
off
46%
really
46%
story
46%
ABGs
44%
"Come
44%
cute
44%
fake
44%
from
44%
I’ll
44%
Korea
44%
some
44%
up
44%
as
41%
Brook
41%
camera
41%
dude's
41%
fly
41%
Kentucky
41%
not
41%
playin'
41%
Rain,
41%
rain,
41%
whorin'
41%
with
41%
world
41%
boys,
38%
chick
38%
name,
38%
think
38%
true
38%
yourself
38%
give
36%
physical
36%
Stony
36%
took,
36%
hand,
33%
Tampa
33%
these
33%
they
33%
thought
33%
told
33%
untook
33%
used
33%
well,
33%
ain't
31%
hold
31%
somebody's
31%
truth
31%
fucks,
28%
gotta
28%
guarantee
28%
hearts
28%
lucky
28%
meet
28%
nothin',
28%
Speakin'
28%
steal
28%
those
28%
crook,
26%
bucks,
23%
ever
23%
shrooms
23%
done
18%
thots,
18%
likе
0%
No matching quizzes found
Score Distribution
Percent of People with Each Score
Percentile by Number Answered
Your Score History
You have not taken this quiz